000 01408nam0a2200349 4500
001 RU\NLR\BIBL_A\012437947
005 20210204143749.0
010 _a978-5-389-18209-7
_95000
021 _aRU
_bКН-П-20-056558
_9КН-П-20-4217
035 _a(NLR Aleph) 012437947
035 _a(RuMoRGB)010431663
090 _a11910980
_c11910980
100 _a20210122d2020 em y0rusy50 ca
101 1 _arus
_ceng
102 _aRU
105 _aa|||z|||000ay
181 0 _ai
_baxxe
182 0 _an
200 1 _aУдивительный волшебник из Страны Оз
_eсказочная повесть
_e[для старшего школьного возраста]
_fФрэнк Баум
_gперевод с английского Сергея Белова
_gиллюстрации Роберта Ингпена
203 _aТекст
_bвизуальный
_cнепосредственный
210 _aМосква
_cМахаон
_cАзбука-Аттикус
_d2020
215 _a186, [5] с.
_cцв. ил.
_d24
333 _a0+
686 0 _aШ9(7США)62-4
700 1 _aБаум
_bЛ. Ф.
_f1856-1919
_gЛаймен Фрэнк
_3RU\NLR\AUTH\771514
702 1 _aИнгпен
_bР.
_f1936-
_gРоберт
_3RU\NLR\AUTH\770150573
_4040
942 _cBOOK
980 _aNBR
980 _aNB